Rap by letter (J) - Statistics

General Stats
  • This quiz has been taken 5 times
  • The average score is 3 of 10
Answer Stats
Hint Answer % Correct
Famous eastside rapper, released his first album in 1996. Jay Z
50%
The Notorious B.I.G.'s one of the biggest songs. Released in 1994. Juicy
50%
Eastside rapper, that has a song called "New York". This rapper might be known better for being dissed by many rappers, for example, Eminem, Dr. Dre, DMX and 50 Cent. Ja Rule
25%
Detroit born producer, has an album called "Donuts". J Dilla
25%
Kanye West's song from "The College Dropout". Jesus Walks
25%
Tennessee born rapper, that was a part of hip hop group "Three 6 Mafia". Juicy J
25%
Eastside rap group, which was led by The Notorious B.I.G.. Junior M.A.F.I.A.
25%
Another Eminem song, from "Encore". Just Lose It
25%
Song from "The Blueprint", released in 2001. Rapper is in this quiz. Jigga That Nigga
0%
Eminem's song from "The Slim Shady LP". Just Don't Give A Fuck
0%
No matching quizzes found
Score Distribution
Percent of People with Each Score
Percentile by Number Answered
Your Score History
You have not taken this quiz